| 000 | 00688nam a22001695i 4500 | ||
|---|---|---|---|
| 001 | 160545 | ||
| 003 | ES-MaACL | ||
| 005 | 20230906212051.0 | ||
| 008 | 950206s1886 sp |||| | spa d | ||
| 040 |
_aCARM _bspa _cCCPB | PA2 |
||
| 100 | 1 |
_aNavarro, Eduardo J. _9130414 |
|
| 245 | 1 | 0 |
_aGarantias electorales / _cpor Eduardo J. Navarro. |
| 260 |
_aMálaga : _bImp. y Librería de El Avisador Malagueño, _c1886. |
||
| 300 |
_a201 p. ; _c16 cm. |
||
| 852 |
_aES-MaACL _jT-478-F-13 _z-- Enc. hol. _q-- Falto de las pag. 200-201 y de la cub. original _z-- Enc. en un vol. facticio |
||
| 852 |
_aES-MaACL _jT-891-F-1 _z-- Enc. hol. conservando la cub. original _z-- Enc. en un vol. facticio |
||
| 999 |
_c160545 _d160545 |
||